Kinh tế học vi mô Giáo trình dùng trong các trường đại học, cao đẳng khối kinh tế

Na minha lista:
Detalhes bibliográficos
Autor principal: Ngô, Ánh Tuyết
Outros Autores: Trần, Ngọc Khánh
Formato: Livro
Idioma:Undetermined
Publicado em: H. Giáo dục Việt Nam 2010
Assuntos:
Acesso em linha:http://lrc.tdmu.edu.vn/opac/search/detail.asp?aID=2&ID=7209
Tags: Adicionar Tag
Sem tags, seja o primeiro a adicionar uma tag!
Thư viện lưu trữ: Trung tâm Học liệu Trường Đại học Thủ Dầu Một
LEADER 00795nam a2200217Ia 4500
001 TDMU_7209
008 210410s9999 xx 000 0 und d
082 |a 338.5 
090 |b NG450 
100 |a Ngô, Ánh Tuyết 
245 0 |a Kinh tế học vi mô 
245 0 |b Giáo trình dùng trong các trường đại học, cao đẳng khối kinh tế 
245 0 |c Ngô Ánh Tuyết;Trần Ngọc Khánh;Nguyễn Mạnh Hùng 
260 |a H. 
260 |b Giáo dục Việt Nam 
260 |c 2010 
300 |a 287tr 
650 |a Giáo trình; Kinh tế học vi mô 
700 |a Trần, Ngọc Khánh 
856 |u http://lrc.tdmu.edu.vn/opac/search/detail.asp?aID=2&ID=7209 
980 |a Trung tâm Học liệu Trường Đại học Thủ Dầu Một